Statistics for Guess the Modern Rap Song by the Lyrics

Click here to take the quiz!

General Stats

  • This quiz has been taken 128 times
  • The average score is 6 of 15

Answer Stats

LyricSong% Correct
First things first, rest in peace Uncle Phil.No Role Modelz - J. Cole
77%
She just wanna go back to the future, so I brought that girl a DeLorean.20 Min - Lil Uzi Vert
58%
Brand new whip, got no keys / Tailor my clothes, no starch please.Yes Indeed - Lil Baby, Drake
55%
Rollin' Rollin' Rollin' got me _________.STARGAZING - Travis Scott
48%
Everything's litty, I love when it's __Hot - Young Thug, Gunna, Travis Scott
47%
It go Halle Berry or hallelujah / Pick your poison, tell me what you doing.Money Trees - Kendrick Lamar, Jay Rock
46%
Beautiful morning, you're the sun in my morning, babe.Father Stretch My Hands Pt. 1 - Kanye West
42%
Sometimes you gotta close a door to open a window.NEW MAGIC WAND - Tyler, the Creator
38%
If Pirus and Crips, all got along / They'd probably gun me down by the end of this song.m.A.A.d city - Kendrick Lamar, MC Eiht
32%
I'm ridin' through New York / Finna go and blow New Jersey up.Faneto - Chief Keef
28%
My guy pretty like a girl / And he got fight stories to tell.Chanel - Frank Ocean
25%
I wanna go to the ____ / Don't leave so soon / How could I get through?Moon - Kanye West, Don Toliver
25%
Everybody put three fingers in the air / The sky is falling, the wind is calling / Stand for something or die in the morning.HiiiPower - Kendrick Lamar
21%
Smoke that boy just like a cigarette / If that boy try to make a false move.Futsal Shuffle 2020 - Lil Uzi Vert
9%
Shorty wanna roll with a Rockstar / Baby let's go, we can go far.Excitement - Trippie Redd, PARTYNEXTDOOR
8%

Score Distribution

Percentile by Number Answered

Percent of People with Each Score

Your Score History

You have not taken this quiz